000 00529nam a22001817a 4500
005 20150330092827.0
008 120503s2013 nyua 001 0 eng
020 _a9780071799058
041 0 _aeng
080 _a339.162.4
100 1 _aGirard, Joe.
245 1 0 _aMy 13 essential rules of selling :
_cby Joe Girard.
260 _aNew York :
_bMcGraw-Hill,
_c=2013.
300 _a278 f. :
_bme il.;
_c23 cm.
505 _aIndex: f. 271 - 278
650 0 _aShitja
942 _2udc
_cBK
999 _c551
_d551